000 00705nam a2200241Ia 4500
001 dia_4160
003 CHAP
005 20251015142621.0
008 220117s1978 xx 000 0 und d
010 _a174792
040 _cCHAP
_amxchpua
_erda
090 _aFOLLETO 2503
100 _aSecretaría de agricultura y recursos hidráulicos. México
245 _aEl cultivo del haba en los valles de México /
_c Sarh, Inia
260 _aMéxico :
_b Sarh, Inia,
_c1978
300 _a8 p.
500 _aS/c (Circular Ciamec, 98)
650 _aHaba
_952087
901 _aFOLLETO 2503
902 _aM
905 _a0000001978 mx 0000000000spa00
942 _cFOLL
_2local
999 _c174792
_d174792